| 000 | 00930nam a2200301Ia 4500 | ||
|---|---|---|---|
| 001 | Z_1478 | ||
| 003 | CHAP | ||
| 008 | 220113s1992 xx 000 0 und d | ||
| 010 | _a164567 | ||
| 040 | _cCHAP | ||
| 090 | _aTesis M 802 | ||
| 100 |
_aMercado Pérez, Noe _974913 |
||
| 245 |
_aComportamiento productivo de vaquillas pastoreando a diferentes asignaciones de forraje en praderas con pendiente (tercera fase) / _cpor Noe Mercado Pérez |
||
| 260 |
_aChapingo, Méx. : _bEl autor, _c1992 |
||
| 300 | _a46 h. | ||
| 502 | _aTesis (Ing. Agr. Esp. en Zootecnia) -- UACH. Departamento de Zootecnia | ||
| 650 |
_aForrajes _942552 |
||
| 650 |
_aGanado vacuno _xAlimentación _945429 |
||
| 650 |
_aGanado vacuno _xPastoreo _945502 |
||
| 650 |
_aGanado vacuno _xProducción _945506 |
||
| 650 |
_aLaderas _964360 |
||
| 901 | _aTESIS M 802 | ||
| 902 | _aM | ||
| 910 | _a1992 | ||
| 942 | _c2 | ||
| 942 | _c2 | ||
| 999 |
_c164567 _d164567 |
||